| 000 -LEADER |
| fixed length control field |
00790nam a2200217Ia 4500 |
| 001 - CONTROL NUMBER |
| control field |
6981 |
| 003 - CONTROL NUMBER IDENTIFIER |
| control field |
GE_BSU |
| 008 - FIXED-LENGTH DATA ELEMENTS--GENERAL INFORMATION |
| fixed length control field |
181216s||||||||xx |||||||||||||| ||und|| |
| 040 ## - CATALOGING SOURCE |
| Transcribing agency |
GE_BSU |
| 080 ## - UNIVERSAL DECIMAL CLASSIFICATION NUMBER |
| Universal Decimal Classification number |
681.2(035.5) |
| 100 ## - MAIN ENTRY--PERSONAL NAME |
| Personal name |
Кошарский,Б.Д. Бек,В.А. Безновская,Т.Х. и др. |
| 245 ## - TITLE STATEMENT |
| Title |
Автоматические приборы и регуляторы. |
| 245 ## - TITLE STATEMENT |
| Remainder of title |
Справочные материалы. |
| 245 ## - TITLE STATEMENT |
| Statement of responsibility, etc. |
Под общ. ред. Б.Д.Кошарского; ред.:В.И.Луцык, Ю.Н.Тимченко. |
| 260 ## - PUBLICATION, DISTRIBUTION, ETC. |
| Place of publication, distribution, etc. |
М.-Л. |
| 260 ## - PUBLICATION, DISTRIBUTION, ETC. |
| Name of publisher, distributor, etc. |
Машиностроение. |
| 260 ## - PUBLICATION, DISTRIBUTION, ETC. |
| Date of publication, distribution, etc. |
1964. |
| 300 ## - PHYSICAL DESCRIPTION |
| Extent |
704стр. с илл. 26см. |
| 653 ## - INDEX TERM--UNCONTROLLED |
| Uncontrolled term |
Автоматические приборы и регуляторы. |
| 942 ## - ADDED ENTRY ELEMENTS (KOHA) |
| Koha item type |
წიგნი |